000 00385nam a2200157Ia 4500
008 230711s9999||||xx |||||||||||||| ||und||
041 _aENG
082 _a5
_bDE-C
100 _aDeitel,Harvey M
245 0 _aC how to program Introducing C++ and java TM
250 _a4th Ed.
260 _c2006
_aNew Delhi
_bPearson
300 _a1297
650 _aComputer Engineering
942 _cBK
999 _c4616
_d4616